<?xml version="1.0" encoding="UTF-8"?>
<record
    xmlns:xsi="http://www.w3.org/2001/XMLSchema-instance"
    xsi:schemaLocation="http://www.loc.gov/MARC21/slim http://www.loc.gov/standards/marcxml/schema/MARC21slim.xsd"
    xmlns="http://www.loc.gov/MARC21/slim">

  <leader>00724ngm a2200169 i 4500</leader>
  <controlfield tag="001">C2-0343749</controlfield>
  <controlfield tag="003">PPAK</controlfield>
  <controlfield tag="005">20180727222822.0</controlfield>
  <controlfield tag="008">171122s2017    cc |||| |||||  |  vleng d</controlfield>
  <datafield tag="040" ind1=" " ind2=" ">
    <subfield code="a">PPAK</subfield>
    <subfield code="b">eng</subfield>
    <subfield code="c">PPAK</subfield>
    <subfield code="e">rda</subfield>
  </datafield>
  <datafield tag="245" ind1="0" ind2="0">
    <subfield code="a">Railroad tigers</subfield>
  </datafield>
  <datafield tag="264" ind1=" " ind2="1">
    <subfield code="a">China; Kuala Lumpur : </subfield>
    <subfield code="b">Shanghai Film Group; Golden Satellite Distribution Sdn. Bhd. (Malaysia Distributor) , </subfield>
    <subfield code="c">2017</subfield>
  </datafield>
  <datafield tag="500" ind1=" " ind2=" ">
    <subfield code="a">Summary : In this action comedy caper reminiscent of Jackie Chan's classic Hong Kong films, a railroad worker and his ragtag group of freedom fighters find themselves on the wrong side of the tracks when they decide to ambush a heavily arm</subfield>
  </datafield>
  <datafield tag="700" ind1=" " ind2=" ">
    <subfield code="e">author</subfield>
  </datafield>
  <datafield tag="700" ind1="1" ind2=" ">
    <subfield code="a">Ding, Sheng, </subfield>
    <subfield code="e">compile</subfield>
  </datafield>
  <datafield tag="942" ind1=" " ind2=" ">
    <subfield code="2">ddc</subfield>
    <subfield code="c">DVD</subfield>
  </datafield>
  <datafield tag="999" ind1=" " ind2=" ">
    <subfield code="c">168073</subfield>
    <subfield code="d">168073</subfield>
  </datafield>
  <datafield tag="952" ind1=" " ind2=" ">
    <subfield code="0">0</subfield>
    <subfield code="1">0</subfield>
    <subfield code="2">ddc</subfield>
    <subfield code="4">0</subfield>
    <subfield code="7">0</subfield>
    <subfield code="b">PPAK</subfield>
    <subfield code="c">G</subfield>
    <subfield code="d">2017-11-29</subfield>
    <subfield code="e">GI</subfield>
    <subfield code="l">1</subfield>
    <subfield code="o">791.4372 RAI</subfield>
    <subfield code="p">A01547621</subfield>
    <subfield code="r">2022-11-16 00:00:00</subfield>
    <subfield code="s">2022-11-01</subfield>
    <subfield code="v">24.90</subfield>
    <subfield code="y">DVD</subfield>
  </datafield>
</record>
